Doterajší vplyv transformačného procesu na zmeny v štruktúre priemyslu ČSFR a možnosti hospodárskej politiky.

Hodnotenie zmien v štruktúre reprodukčného určenia priemyselnej výroby, podnietených prvými opatreniami reformy. Kritika reformy hospodárskej politiky, ktorá vytvorila najvýhodnejšie podmienky pre odvetvia tradičnej ťažkej štruktúry s vysokou surovinovou, energetickou a dopravnou náročnosťou. Námiet...

Descripción completa

Guardado en:
Detalles Bibliográficos
Autor principal: Okáli, Ivan
Formato: Capítulo de libro
Lenguaje:eslovaco
Materias:
Etiquetas: Agregar Etiqueta
Sin Etiquetas, Sea el primero en etiquetar este registro!

MARC

LEADER 00000naa a2200000 4500
001 r008268
005 20220831090031.6
041 0 |a slo 
044 |a [CS] 
245 1 0 |a Doterajší vplyv transformačného procesu na zmeny v štruktúre priemyslu ČSFR a možnosti hospodárskej politiky.  |c Ivan Okáli 
520 |a Hodnotenie zmien v štruktúre reprodukčného určenia priemyselnej výroby, podnietených prvými opatreniami reformy. Kritika reformy hospodárskej politiky, ktorá vytvorila najvýhodnejšie podmienky pre odvetvia tradičnej ťažkej štruktúry s vysokou surovinovou, energetickou a dopravnou náročnosťou. Námietky proti samofinancovaniu rozvoja podnikov. 
610 2 0 |a štruktúra výroby 
610 2 0 |a priemysel 
610 2 0 |a ČSFR 
610 2 0 |a Čechy 
610 2 0 |a Slovensko 
610 2 0 |a zmeny štruktúrne 
610 2 0 |a trh 
610 2 0 |a privatizácia 
610 2 0 |a akumulácia 
610 2 0 |a tvorba kapitálu 
610 2 0 |a trh kapitálový 
610 2 0 |a financovanie investícií 
610 2 0 |a samofinancovanie 
610 2 0 |a fondy investičné 
610 2 0 |a úspory 
610 2 0 |a politika finančná 
100 1 |a Okáli, Ivan